Państwa ze zgonami spowodowanymi przez wulkany - Statystyki

Ogólne statystyki
  • Ten quiz został rozwiązany 2 315 razy
  • Średni wynik to 10 z 15
Statystyki odpowiedzi
Zgony Najbardziej śmiertelny incydent Państwo % Poprawnych
7 100 Wezuwiusz (1631) Włochy
95%
5 600 Keanakakoi (1790) Stany Zjednoczone
91%
22 200 Unzen (1792) Japonia
88%
143 000 Tambora (1815) Indonezja
86%
2 200 El Chichón (1982) Meksyk
84%
10 200 Laki (1784) Islandia
70%
7 900 Mount Hibok-Hibok (1875) Filipiny
66%
25 500 Nevado del Ruiz (1985) Kolumbia
66%
1 900 Ararat (1840) Turcja
63%
29 500 Montagne Pelée(1902) Francja (Martinika)
56%
5 400 Tungurahua (1640) Ekwador
52%
5 500 Mount Lamington (1951) Papua-Nowa Gwinea
44%
10 200 Santa María (1902) Gwatemala
42%
2 000 San Cristóbal (1998) Nikaragua
41%
30 000 Ilopango (536) Salwador
40%
Nie znaleziono quizów pasujących do podanych kryteriów
Rozkład punktacji
Procent ludzi z każdym wynikiem
Percentyl według liczby udzielonych odpowiedzi
Twoja historia wyników
Nie rozwiązałeś tego quizu